Target setting for basic needs (Record no. 59383)

MARC details
000 -LEADER
fixed length control field 00642nam a2200181 a 4500
008 - FIXED-LENGTH DATA ELEMENTS--GENERAL INFORMATION
fixed length control field 120416s1982 ||||||||||||||||| || u
020 ## - INTERNATIONAL STANDARD BOOK NUMBER
International Standard Book Number 9221029468
050 ## - LIBRARY OF CONGRESS CALL NUMBER
Classification number HB 846 Tar
100 ## - MAIN ENTRY--PERSONAL NAME
Personal name Richards, Peter J
245 10 - TITLE STATEMENT
Title Target setting for basic needs
Statement of responsibility, etc. edited by P.J. Richards
246 ## - VARYING FORM OF TITLE
Title proper/short title the operation of selected government services
260 ## - PUBLICATION, DISTRIBUTION, ETC.
Place of publication, distribution, etc. Geneva
Name of publisher, distributor, etc. ILO
Date of publication, distribution, etc. 1982
350 ## - PRICE (NR) (BK AM CF MU VM SE) [OBSOLETE]
Price 0.00
650 ## - SUBJECT ADDED ENTRY--TOPICAL TERM
Topical term or geographic name entry element GOVERNMENT POLICY
650 ## - SUBJECT ADDED ENTRY--TOPICAL TERM
Topical term or geographic name entry element GOVERNMENT
700 ## - ADDED ENTRY--PERSONAL NAME
Personal name Leonor, Mauricio D
995 ## - RECOMMENDATION 995 [LOCAL, UNIMARC FRANCE]
-- 0.00
-- CBU-MAIN LIBRARY (Kitwe)
-- 1
-- 52.50
-- 1
-- AVAILABLE
-- Annex Low-Usage Collection
Holdings
Withdrawn status Lost status Source of classification or shelving scheme Damaged status Not for loan Home library Current library Shelving location Date acquired Total Checkouts Full call number Barcode Date last seen Price effective from Koha item type
          CBU-MAIN LIBRARY, KITWE. CBU-MAIN LIBRARY, KITWE.   11/30/2022   HB 846 Tar 002388 11/30/2022 11/30/2022 MONOGRAPH